Cunningham's Manual of Practical Anatomy : (Record no. 595298)
[ view plain ]
| 000 -LEADER | |
|---|---|
| fixed length control field | 00526nam a22001817a 4500 |
| 020 ## - INTERNATIONAL STANDARD BOOK NUMBER | |
| International Standard Book Number | 9780198749363 |
| 082 ## - DEWEY DECIMAL CLASSIFICATION NUMBER | |
| Classification number | 611 |
| Author Mark | KOS |
| 100 ## - MAIN ENTRY--PERSONAL NAME | |
| Personal name | Koshi, Rachel |
| 9 (RLIN) | 113667 |
| 245 ## - TITLE STATEMENT | |
| Title | Cunningham's Manual of Practical Anatomy : |
| Remainder of title | Upper and Lower Limbs / |
| Statement of responsibility, etc. | Rachel Koshi |
| 250 ## - EDITION STATEMENT | |
| Edition statement | 16th Edition. |
| 260 ## - PUBLICATION, DISTRIBUTION, ETC. | |
| Place of publication, distribution, etc. | Oxford : |
| Name of publisher, distributor, etc. | Oxford University Press, |
| Date of publication, distribution, etc. | 2017. |
| 300 ## - PHYSICAL DESCRIPTION | |
| Extent | 301 p. ; |
| Dimensions | 27 cm. |
| 563 ## - BINDING INFORMATION | |
| Binding note | PBK. |
| 650 ## - SUBJECT ADDED ENTRY--TOPICAL TERM | |
| Topical term or geographic name entry element | Human anatomy |
| 650 ## - SUBJECT ADDED ENTRY--TOPICAL TERM | |
| Topical term or geographic name entry element | Dissection |
| 9 (RLIN) | 113670 |
| 650 ## - SUBJECT ADDED ENTRY--TOPICAL TERM | |
| Topical term or geographic name entry element | Extremities (Anatomy) |
| 9 (RLIN) | 113675 |
| 942 ## - ADDED ENTRY ELEMENTS (KOHA) | |
| Source of classification or shelving scheme | |
| Koha item type | Book |
| Withdrawn status | Lost status | Source of classification or shelving scheme | Damaged status | Not for loan | Permanent Location | Current Location | Shelving location | Date acquired | Source of acquisition | Cost, normal purchase price | Serial Enumeration / chronology | Total Checkouts | Full call number | Barcode | Date last seen | Date last checked out | Copy number | Cost, replacement price | Price effective from | Koha item type | Total Renewals |
|---|---|---|---|---|---|---|---|---|---|---|---|---|---|---|---|---|---|---|---|---|---|
| NUST School of Health Sciences (NSHS) | NUST School of Health Sciences (NSHS) | General Stacks | 07/17/2023 | Prince Books | 4950.00 | Vol.1 | 1 | 611 KOS | NSHS-835 | 06/13/2024 | 05/29/2024 | v .1, c.10 | 9900.00 | 07/17/2023 | Book | ||||||
| NUST School of Health Sciences (NSHS) | NUST School of Health Sciences (NSHS) | General Stacks | 07/17/2023 | Prince Books | 4950.00 | Vol.1 | 1 | 611 KOS | NSHS-836 | 08/25/2025 | 05/29/2024 | v.1, c.2 | 9900.00 | 07/17/2023 | Book | ||||||
| NUST School of Health Sciences (NSHS) | NUST School of Health Sciences (NSHS) | General Stacks | 07/17/2023 | Prince Books | 4950.00 | Vol.1 | 2 | 611 KOS | NSHS-837 | 09/29/2025 | 08/25/2025 | v.1, c.3 | 9900.00 | 07/17/2023 | Book | ||||||
| NUST School of Health Sciences (NSHS) | NUST School of Health Sciences (NSHS) | General Stacks | 07/17/2023 | Prince Books | 4950.00 | Vol.1 | 2 | 611 KOS | NSHS-838 | 09/29/2025 | 08/25/2025 | v.1, c.4 | 9900.00 | 07/17/2023 | Book | 1 | |||||
| NUST School of Health Sciences (NSHS) | NUST School of Health Sciences (NSHS) | General Stacks | 07/17/2023 | Prince Books | 4950.00 | Vol.1 | 2 | 611 KOS | NSHS-839 | 08/05/2025 | 06/16/2025 | v.1, c.5 | 9900.00 | 07/17/2023 | Book |
